000 00335 a2200145 4500
001 151702
040 _cEscola São Tomás de Aquino
100 _aAQUINO, Mônica de
240 1 0 _aO coelho de cartola
_lpor
245 1 0 _aO coelho de cartola
362 0 _a2016
440 1 _aMiguilim
697 _a*LITERATURA INFANTIL
942 _cBK
999 _c151702
_d151702